000 00252nam a22001217a 4500
008 170920b xxu||||| |||| 00| 0 eng d
041 _aeng
080 _a7
100 _a45
101 _aART
245 _aCLASSICAL GRECE
_cBOWRA,C.M
942 _2udc
_cBK
999 _c28559
_d28559